00273nam a22000977a 4500008004100000020001800041100002100059245004000080260003400120300002100154240730b |||||||| |||| 00| 0 eng d a9789332568839 aBhargava, rajeev aAn introduction to Political Theory aIndiabFirst Impressionc2016 axiv, 257p.c17cm